000
00339nam a2200133Ia 4500
008
190723s9999 xx 000 0 und d
020
_a
978-969-407-425-2
100
_a
Asrar Ahmed Siddiqui
245
0
_a
Practice and law of Banking in paksitan
250
_a
9th
260
_a
Karachi
_b
Royal Book
_c
2015
300
_a
570.:p
942
_c
BK
999
_c
1664
_d
1664